[Event "Reykjavik Edda rapid"]
[Site "Reykjavik"]
[Date "2003.03.04"]
[Round "4"]
[White "Olafsson, Helgi"]
[Black "Topalov, Veselin"]
[Result "1-0"]
[WhiteElo "2475"]
[BlackElo "2743"]
[PlyCount "93"]
[EventDate "2003.03.03"]
[EventType "swiss (rapid)"]
[EventRounds "9"]
[EventCountry "ISL"]
[SourceTitle "CBM 093 Extra"]
[Source "ChessBase"]
[SourceDate "2003.05.09"]
[SourceVersion "1"]
[SourceVersionDate "2003.05.09"]
[SourceQuality "1"]

1. e4 c5 2. c3 d5 3. exd5 Qxd5 4. d4 Nf6 5. Nf3 Bg4 6. dxc5 Qxc5 7. Na3 a6 8.
Be3 Qc7 9. Qa4+ Bd7 10. Nb5 Qc8 11. Ne5 Nd5 12. O-O-O Nxe3 13. fxe3 Nc6 14.
Nxd7 axb5 15. Qb3 Qc7 16. Bxb5 e6 17. Rd3 Bd6 18. Rhd1 Bxh2 19. a4 h5 20. Kb1
h4 21. Qc4 O-O-O 22. Qc5 g6 23. Bxc6 Qxc6 24. Nb6+ Kc7 25. Qe7+ Kxb6 26. Rxd8
Qe4+ 27. R1d3 Be5 28. Kc1 h3 29. a5+ Kb5 30. Qd7+ Kxa5 31. Rxh8 hxg2 32. Ra8+
Kb6 33. Qd8+ Bc7 34. Rd6+ Kb5 35. Qd7+ Qc6 36. Rxc6 g1=Q+ 37. Kc2 Qg2+ 38. Kb3
Qxc6 39. c4+ Kb6 40. Qxf7 Qd6 41. Qxg6 Qe5 42. Qd3 Kc6 43. Re8 Bd6 44. Qd4 Qf5
45. Rd8 Bc5 46. Qd7+ Kb6 47. Qb5+ 1-0

[Event "Reykjavik Edda rapid"]
[Site "Reykjavik"]
[Date "2003.03.04"]
[Round "5"]
[White "Topalov, Veselin"]
[Black "De Firmian, Nick E"]
[Result "1/2-1/2"]
[WhiteElo "2743"]
[BlackElo "2537"]
[PlyCount "99"]
[EventDate "2003.03.03"]
[EventType "swiss (rapid)"]
[EventRounds "9"]
[EventCountry "ISL"]
[SourceTitle "CBM 093 Extra"]
[Source "ChessBase"]
[SourceDate "2003.05.09"]
[SourceVersion "1"]
[SourceVersionDate "2003.05.09"]
[SourceQuality "1"]

1. d4 Nf6 2. c4 e6 3. Nf3 b6 4. Nc3 Bb4 5. Bg5 h6 6. Bh4 Bxc3+ 7. bxc3 Bb7 8.
Nd2 d6 9. f3 Nc6 10. e4 Qe7 11. c5 bxc5 12. Rb1 g5 13. Bf2 Ba6 14. Be2 Bc8 15.
Bb5 Bd7 16. Qa4 Nd8 17. dxc5 O-O 18. cxd6 cxd6 19. O-O Bxb5 20. Rxb5 Nc6 21.
Rfb1 Rfc8 22. Rb7 Qd8 23. Qa3 Rc7 24. h4 Ne8 25. hxg5 hxg5 26. Rxc7 Qxc7 27. c4
Rb8 28. Rb5 f6 29. Qb3 a6 30. Rxb8 Nxb8 31. Bb6 Qc8 32. c5 Nc6 33. cxd6 Nxd6
34. Bc5 Ne8 35. Nf1 Kf7 36. Bd4 Nb8 37. Qb4 Nd7 38. a4 g4 39. Ne3 gxf3 40. gxf3
Nd6 41. Ng4 Nb7 42. Kf2 Kg7 43. Kf1 Kf7 44. Kf2 Nbc5 45. Ke3 Qc6 46. Kd2 Nxa4
47. Qb3 Kg7 48. Bf2 e5 49. Be3 Nac5 50. Bh6+ 1/2-1/2

[Event "Leon 16th"]
[Site "Leon"]
[Date "2003.06.06"]
[Round "1.1"]
[White "Karjakin, Sergey"]
[Black "Topalov, Veselin"]
[Result "0-1"]
[WhiteElo "2556"]
[BlackElo "2735"]
[Annotator "Huzman,A"]
[PlyCount "102"]
[EventDate "2003.06.06"]
[EventType "k.o. (rapid)"]
[EventRounds "2"]
[EventCountry "ESP"]
[SourceTitle "CBM 096"]
[Source "ChessBase"]
[SourceDate "2003.09.25"]
[SourceVersion "1"]
[SourceVersionDate "2003.09.25"]
[SourceQuality "1"]

1. e4 e5 2. Nf3 Nf6 3. Nxe5 d6 4. Nf3 Nxe4 5. d4 d5 6. Bd3 Nc6 7. O-O Be7 8. c4
Nb4 9. Be2 O-O 10. Nc3 Bf5 11. a3 Nxc3 12. bxc3 Nc6 13. Re1 Re8 14. Bf4 dxc4
15. Bxc4 Bd6 16. Rxe8+ Qxe8 17. Ng5 Bg6 18. Bxd6 cxd6 19. Qg4 $146 h6 20. Nf3
Qe4 21. Qg3 Qc2 22. Nh4 Be4 23. Re1 d5 24. Bf1 Qd2 (24... Qb2 25. a4 (25. Rxe4
$5 dxe4 26. Nf5 g6 27. Nxh6+ Kg7 28. Nf5+ Kg8 29. d5 Nd8 $13) 25... Rd8 26. h3
Qa3 27. Re3 Qd6 28. Qg4 Qf6 29. Nf3 Ne7 $11 {1-0 Karjakin,S-Topalov,V/Leon
2003/CBM96_01 (85)}) 25. Re3 Rc8 (25... Qc1 $5 26. Qc7 Rb8 27. Qf4 Qxa3 28. Rg3
$44) 26. h3 ({White should have exploited his attacking potential instead:} 26.
Qf4 $1 Qd1 (26... g5 27. Qg4 Ne7 28. Nf3 Qc1 29. Qd7 $16) (26... Qc2 27. Rg3
$36) 27. Nf5 Bxf5 28. Qxf5 Rd8 29. Rf3 f6 30. Rg3 $40) 26... Qc1 27. Qg4 (27.
Rxe4 dxe4 28. Nf5 Qg5 29. Qxg5 hxg5 30. d5 Kf8 31. dxc6 Rxc6 32. c4 Ra6 $15)
27... Rd8 28. a4 Ne7 $11 29. c4 Ng6 $2 (29... Qa1 $1 30. cxd5 (30. Qf4 Qxd4 31.
Qc7 Nc6 32. cxd5 Qxd5 33. Qxb7 Rb8 34. Qa6 Rb1 $36) 30... f5 $1 31. Nxf5 (31.
Qe2 Nxd5 32. Rb3 Nb6 $17) 31... Bxf5 32. Qf3 Kf8 (32... Nxd5 33. Re5 Qxd4 34.
Qxf5 $36) 33. g4 Qxd4 34. gxf5 Rxd5 $13) 30. cxd5 Bxd5 31. Nxg6 fxg6 32. Qxg6
Bf7 33. Qe4 Qa1 34. Re1 (34. Qe7 Rxd4 35. Qxb7 Rxa4 $11) 34... Qxd4 35. Qxb7
Rf8 (35... Qxa4 36. Re7 Qf4 37. Qxa7 Rd1 $44) 36. Qe4 Qxe4 37. Rxe4 $16 Re8 38.
f3 $6 (38. Rxe8+ $5 Bxe8 39. a5 Kf7 40. f4 Ke7 41. Kf2 Kd6 42. Ke3 Kc5 43. g4
$16) 38... Rxe4 39. fxe4 Bg6 40. Bc4+ Kf8 41. e5 Bf7 42. e6 (42. Bd3 Ke7 43.
Kf2 Bb3 44. a5 Ke6 $11) (42. Bb5 Ke7 43. Kf2 Bd5 $11) 42... Be8 43. a5 Ke7 44.
Kf2 Kd6 45. Ke3 Bc6 46. g3 g5 47. Kd4 Bb7 48. h4 gxh4 49. gxh4 Bc6 50. Bd5 $4 {
[%mdl 8192]} Bxd5 51. e7 Bc6 0-1

[Event "Leon 16th"]
[Site "Leon"]
[Date "2003.06.06"]
[Round "1.2"]
[White "Topalov, Veselin"]
[Black "Karjakin, Sergey"]
[Result "1-0"]
[WhiteElo "2735"]
[BlackElo "2556"]
[Annotator "Stohl,I"]
[PlyCount "143"]
[EventDate "2003.06.06"]
[EventType "k.o. (rapid)"]
[EventRounds "2"]
[EventCountry "ESP"]
[SourceTitle "CBM 096"]
[Source "ChessBase"]
[SourceDate "2003.09.25"]
[SourceVersion "1"]
[SourceVersionDate "2003.09.25"]
[SourceQuality "1"]

1. c4 c5 2. Nf3 Nc6 3. d4 cxd4 4. Nxd4 Nf6 5. g3 Qb6 6. Nb5 $5 (6. Nc2 e6 7.
Bg2 d5 8. O-O $5 dxc4 9. Nba3 $44) ({and} 6. Nb3 {are the usual moves, the
text is a very rare alternative. White manoeuvres his N to the natural square
c3-but this is where the Nb1 belongs! Therefore Black should be able to
equalize, but the practical material is still rather meagre.}) 6... a6 (6...
Ne5 $5 7. b3 a6 (7... d5 8. Be3 Qd8 9. Bf4 a6 10. Bxe5 axb5 11. cxd5 $36) 8.
N5c3 (8. Nd4 d5 $15) 8... Neg4 9. e3 Qc6 10. f3 Ne5 11. e4 $13) 7. N5c3 (7. Qa4
$6 Rb8 $6 (7... Ne5 $36 {[%cal Re5c4,Rb6c6] Nc4,Qc6}) (7... Ng4 $5) 8. N5c3 e6
9. Bg2 Bc5 10. O-O O-O 11. Nd2 d6 (11... Qc7 $142) 12. Nde4 Nxe4 13. Nxe4 Qb4
14. Nxc5 dxc5 15. Qxb4 cxb4 16. Rd1 e5 17. Be3 Be6 18. Bd5 Rfd8 19. Bb6 Re8 20.
Rac1 $16 {Cleven,M-Fuchs,A/Krefeld/2001/}) (7. Be3 Qa5+ 8. N5c3 (8. Bd2 Qb6 $1
(8... Qd8 9. N5c3 e6 (9... d5 10. cxd5 Nxd5 11. Bg2 $14) (9... b6 $5 $132) 10.
Bg2 Be7 11. e4 O-O 12. O-O Qc7 13. Be3 d6 14. f4 Rb8 15. Qe2 Bd7 16. Nd2 Rfc8
17. Rac1 $14 {Andreeva,N-Ovod,E/Moscow/1999/}) 9. Be3 Qa5+ $11) 8... Ng4 9. Qd2
e6 10. Bg2 Nxe3 11. Qxe3 Bc5 12. Qd2 b5 13. Ne4 Qxd2+ 14. Nbxd2 Bd4 15. O-O-O
f5 16. e3 fxe4 17. exd4 d5 {Miles,A-Schmittdiel,E/Ostend/1993/} 18. cxd5 exd5
19. f3 O-O $1 $11) 7... g6 $146 {[%mdl 8] Karjakin lets White finish his >>
development undisturbed and goes for a Maroczy-like position.} (7... e6 8. Bg2
Ne5 9. Qb3 (9. b3 {is a more logical move, with chances for an opening
advantage.}) 9... Qb4 10. Nd2 Rb8 11. O-O Be7 12. Qc2 O-O 13. a3 Qc5 14. Rd1
Qc7 15. b3 b5 16. cxb5 axb5 17. Bb2 Bb7 18. Bxb7 Rxb7 $11 {Miles,A-Gligoric,S/
Bugojno/1984/}) 8. Bg2 d6 9. O-O Bg7 10. b3 (10. Nd5 Nxd5 11. cxd5 Ne5 $11 {
releases the tension and favours Black.}) 10... O-O 11. Bb2 Qa5 12. Nd2 (12. e4
Rb8 {[%cal Yb7b5] /\b5<=>}) 12... Qh5 $5 (12... Bd7 13. h3 b5 14. a3 $5 {
[%cal Rb3b4] /\b4+/=}) 13. e4 (13. Re1 Bh3 14. Bh1 Ng4 $132) 13... Qxd1 {
Black's move is logical, but also playable was} (13... Bg4 14. f3 Bh3 15. Bxh3
Qxh3 16. Rb1 Nd7 17. Nd5 e6 $13) 14. Rfxd1 Nd7 15. Rab1 Nc5 16. Nd5 Be6 17.
Bxg7 (17. b4 Nd7 18. Bxg7 Kxg7 19. f4 a5 $132) 17... Kxg7 18. Nf1 b5 {Natural
<=>, although it softens Black's <<.} (18... a5 19. Nfe3 $14) 19. b4 $1 (19.
Nfe3 b4 $11) 19... Nd7 $6 {A passive follow-up.} (19... Na4 $142 20. Nfe3 Ne5
$132 {/\} (20... Bxd5 21. cxd5 Ne5 22. f4 Nc4 23. Nxc4 bxc4 24. Rdc1 $14) 21.
Nc7 $6 Nc3 $36) 20. Nfe3 bxc4 $6 (20... Nde5 $142 21. c5 $5 $14) 21. Nxc4 Rab8
22. a3 Rfc8 23. Nce3 Nb6 24. Bf1 $1 $36 {[%csl Ra6] ><a6} Bxd5 25. exd5 (25.
Nxd5 $5 $16) 25... Ne5 26. Rbc1 $5 {Topalov has outplayed his opponent and
doesn't want to squander any of his advantage by giving Black activity.
Especially in a rapid game this seems a sensible decision.} (26. Bxa6 Rc3 27.
Ra1 Ra8 28. b5 Nd3 $14 {<=>}) 26... Rxc1 27. Rxc1 Ra8 28. Rc7 Kf8 {[%mdl 4128]
For the time being Black has defended his ><a6 and it's becoming clear White
can't win the endgame on the << alone. Therefore he must open a second front
and create another wekaness or target on the >>. Topalov realizes this plan in
a model way from move 37 onwards.} 29. Rb7 (29. Kg2 $36 {would have saved
tempi.}) (29. f4 $5 $16) 29... Na4 30. Kg2 $6 (30. f4 Nf3+ 31. Kg2 Nd4 $14)
30... Ke8 31. f4 Nd7 {[%cal Re8c8] /\Kd8-c8} 32. Rc7 Kd8 33. Rc2 a5 $5 {
Black wisely decides he can't defend the ><a6 forever. Although now the passed
o^b5 will be seemingly firmly blockaded, it nevertheless requires attention
and enables White to concentrate his forces on the opposite flank (the 2
weaknesses principle).} 34. b5 Nab6 35. Kf2 (35. Kf3 Nf6 $132) 35... Nc5 36.
Kf3 Kc7 (36... h5 $142 $5 37. h3 Kc7 38. g4 hxg4+ 39. hxg4 Rh8 {and Black is
close to equality.}) 37. g4 $1 $36 {[%cal Rg4g5,Rh2h5] /\g5,h4-h5->,()>>} e6
38. dxe6 fxe6 39. Bg2 Rf8 40. Kg3 Kd7 ({Black finds it difficult to activate
his [+] pawns, e.g.,} 40... Nbd7 41. h4 d5 42. f5 $1 $36) 41. h4 (41. Bf3 {
was perhaps somewhat more accurate.}) 41... Rg8 (41... Rc8 42. Bc6+ (42. Bf3 $5
) 42... Kc7 (42... Ke7 43. Re2 $14) 43. Rh2 {/\h5+/=}) (41... h5 $5 {/\} 42.
gxh5 gxh5 43. Bf3 Rg8+ 44. Kh2 Rf8 $132) 42. Bf3 (42. g5 $5 $36) 42... Rg7 $2 (
42... h5 $142 $132) 43. g5 $1 Rf7 44. h5 Ke7 45. hxg6 hxg6 46. Nc4 $1 {[%csl
Gb5] Again the principle of 2 weaknesses-once Black's K has moved in the
direction of the >>, possibly to protect the ><g6, White shifts his sights to
the long dormant o^b5.} Nxc4 $8 47. Rxc4 Kd7 $6 (47... Rf8 $142 48. Rc2 (48.
Be4 $5 Nxe4+ 49. Rxe4 Rb8 50. a4 Rc8 $132) 48... Rh8 49. Rb2 $36) 48. Rc2 Rh7
49. Bc6+ Kc7 (49... Ke7 50. b6 Rh8 51. Rh2 $5 Rxh2 52. Kxh2 Kd8 53. Kg3 $16)
50. Be8 $1 {[%csl Rg6] Now g6 is again a target, this time it can;t be
defended anymore.} Rg7 (50... Rh1 51. Bxg6 Ra1 52. Rc3 (52. Bf7 Rxa3+ 53. Kg4
$16) 52... Kb6 53. Kg2 $1 {[%csl Gg5][%cal Rc3g3,Rg6h7] o^g5,/\Rg3,Bh7+-}) 51.
Rh2 Rg8 52. Rh7+ Kb6 53. Bf7 $18 Rb8 54. Bxg6 Kxb5 55. Bf7 Ka4 56. g6 Ne4+ 57.
Kf3 Nf6 58. Bxe6 $1 d5 (58... Nxh7 59. gxh7 {[%cal Re6g8] /\Bg8} Rh8 $8 60. Bg8
Kb5 61. f5 Kc6 62. f6 Kd7 63. Ke4 Ke8 64. Kd5 Kd7 65. a4 $22 $18) (58... Kxa3
59. Rf7 Nh5 60. Kg4 $18) 59. Rf7 Rb3+ 60. Ke2 Ne4 61. g7 Rg3 62. Bxd5 Nc3+ (
62... Nd6 63. Ra7 $18) 63. Kf2 Rxg7 64. Rxg7 (64. Bc6+ $142 Kxa3 65. Rxg7)
64... Nxd5 65. Kf3 Kxa3 66. Rg5 Nxf4 67. Kxf4 a4 (67... Kb4 68. Ke3 a4 69. Kd2
$18) 68. Ke3 (68. Rb5 Ka2 69. Ke3 $18) 68... Kb2 69. Kd2 a3 70. Rb5+ Ka1 71.
Kc3 Ka2 (71... a2 72. Kb3 Kb1 73. Ka3+ Ka1 74. Rg5 $18) 72. Rb3 1-0

[Event "Cap d'Agde-A"]
[Site "Cap d'Agde"]
[Date "2003.10.25"]
[Round "4"]
[White "Topalov, Veselin"]
[Black "Bacrot, Etienne"]
[Result "1/2-1/2"]
[WhiteElo "2735"]
[BlackElo "2664"]
[Annotator "Huzman,A"]
[PlyCount "47"]
[EventDate "2003.10.24"]
[EventType "tourn (rapid)"]
[EventRounds "7"]
[EventCountry "FRA"]
[EventCategory "19"]
[SourceTitle "CBM 098"]
[Source "ChessBase"]
[SourceDate "2004.02.03"]
[SourceVersion "1"]
[SourceVersionDate "2004.02.03"]
[SourceQuality "1"]

1. e4 e5 2. Nf3 d6 3. d4 exd4 4. Nxd4 Nf6 5. Nc3 Be7 6. g3 d5 7. e5 (7. exd5
Nxd5 8. Bd2 (8. Bb5+ c6 9. Nxc6 bxc6 10. Qxd5 Bd7 11. Qf3 cxb5 12. Qxa8 Bc6 $19
) 8... Nb4 (8... O-O $5 9. Bg2 Nb6 10. Bf4 Bd6 $11 (10... Bf6 $5 11. Ndb5 Re8+
12. Kf1 (12. Ne2 Qxd1+ 13. Rxd1 Na6 $11) 12... Na6 13. Qxd8 Rxd8 14. Nxc7 Nxc7
15. Bxc7 Rd2 $44)) 9. Be3 Nd5 (9... N8c6 10. a3 Bf6 (10... Nxd4 11. axb4 Bf6
12. Ne4 Be5 13. Bg2 $16 {[%cal Gc2c3]}) 11. Ndb5 $1 (11. axb4 Bxd4 12. Bg2 Bxe3
(12... Nxb4 13. Bxd4 Qxd4 14. Qe2+ Kf8 15. O-O $44) 13. Bxc6+ bxc6 14. Qxd8+
Kxd8 15. fxe3 $14) 11... Qxd1+ 12. Kxd1 $16) 10. Qd3 O-O 11. O-O-O Nxe3 (11...
Na6 $5) 12. Qxe3 $32 Bc5 13. Qf4 Bd6 14. Qd2 {[%cal Gd4b5]} Bb4 15. Bc4 $1 $36
Nd7 16. a3 Ba5 $6 (16... Nb6 $142 17. Ba2 Bc5 18. Ndb5 $14) 17. Rhe1 Nb6 18.
Ba2 c5 19. Ndb5 $16 Qf6 (19... Qxd2+ 20. Rxd2 {[%csl Rf7][%cal Gb5d6,Ge1e7,
Yd6f7,Ye7f7,Ya2f7]}) (19... Bg4 20. Bxf7+ $1 Kxf7 21. Qf4+ $18) 20. Nc7 Bg4 21.
Nxa8 Na4 22. Nc7 $1 (22. Qd6 Nxc3 23. bxc3 Qxc3 $44) 22... Nxc3 23. bxc3 Bxc7
24. f3 $1 Bc8 (24... Bxf3 25. Rf1 Qc6 (25... Rd8 26. Qe3 Rxd1+ 27. Rxd1 $16)
26. Bd5 Bxd5 27. Qxd5 $16) 25. Qe3 Ba5 26. Qxc5 Bb6 27. Qe7 $18 Qxf3 (27...
Qxc3 28. Qxf7+ Rxf7 29. Re8#) 28. Bd5 Qh5 29. Re5 Qh6+ 30. Kb1 g6 31. Rf1 Bf5
32. g4 Bd8 33. Qd6 Qh3 34. Rf3 Qxg4 35. Rexf5 {1-0 McShane,L-Bacrot,E/Lausanne
2003/CBM 98 (35)}) 7... Ng4 8. Bf4 (8. Nf3 $6 Nc6 $1 9. Qxd5 Bf5 $1 10. Bc4
Qxd5 11. Nxd5 Ngxe5 $1 12. Nxe5 Nxe5 13. Nxe7 Kxe7 $17 {1/2-1/2 Grischuk,
A-Fressinet,L/Enghien les Bains 2001/CBM 83/[Huzman] (13)}) (8. e6 Nf6 9. exf7+
(9. Bh3 O-O (9... Nc6 10. exf7+ Kxf7 11. Bxc8 Qxc8 12. Nf3 Qd7 13. O-O Rhe8 14.
Qd3 Rad8 15. Bf4 Bb4 16. Nb5 Ba5 17. c3 Kg8 18. Bg5 $14 {1-0 Speelman,
J-Giorgadze,T/Hastings 1979/MCD (41)}) 10. O-O Nc6 11. exf7+ Kxf7 12. Bg2 Nxd4
13. Qxd4 c6 14. Qd3 Kg8 {1/2-1/2 Kotronias,V-Kuzmin,G/Agios Nikolaos 1995/EXT
98 (14)}) 9... Kxf7 10. Bg2 c6 11. O-O Nbd7 (11... Re8 12. Nce2 (12. b3 Na6 13.
Bb2 Nc5 14. Re1 Bg4 15. Qd2 Qd7 16. f3 Bh5 17. Nce2 Bd6 18. Nf4 Bxf4 19. Qxf4
Bg6 20. Ba3 $14 {1-0 Tal,M-Antoshin,V/Moscow 1972/EXT 2001 (30)}) (12. Bf4 Na6
13. Re1 Bg4 14. Qd2 Qd7 15. Nf3 Bxf3 16. Bxf3 Bd6 17. Bxd6 Qxd6 18. Ne4 (18. a3
) 18... Nxe4 19. Bxe4 $11 {0-1 Rainfray,A-Nisipeanu,L/Paris 2002/CBM 89 ext 
(50)}) 12... Nbd7 13. b3 Ne5 14. Bb2 Bc5 15. h3 Qb6 16. Nf4 Kg8 17. c3 Bd7 $11
{1/2-1/2 Khalifman,A-Kuzmin,G/Lvov 1990/CBM 18 (25)}) (11... Na6 12. h3 Nc5 13.
Re1 Re8 14. b4 Ne6 15. a3 Nxd4 16. Qxd4 Bf5 17. Re2 a5 18. bxa5 Qxa5 19. Bb2
Bd6 $17 {0-1 Kobese,W-Hamdouchi,H/Cairo 2001/CBM 84 ext (47)}) 12. Re1 Nc5 13.
b4 Ne6 14. b5 Nxd4 15. Qxd4 Re8 16. bxc6 bxc6 17. Rb1 Bf5 18. Rb7 Qc8 19. Rxa7
Rxa7 20. Qxa7 Bxc2 $11 {1/2-1/2 Geller,E-Giorgadze,T/Minsk 1979/URS-ch (52)}) (
8. Bg2 c5 (8... Nxe5 {Bangiev} 9. Nxd5 (9. Qe2 Nec6 10. Be3 O-O 11. Nxd5 Nxd4
12. Bxd4 Bg5 13. f4 c6 14. O-O cxd5 15. fxg5 Nc6 16. Bc5 Re8 17. Qf2 $14 {
1-0 Vesselovsky,S-Novak,I/Tatranska Lomnica 1997/EXT 99 (56)}) 9... Bg4 10. Qd2
c5 $5 11. Nb5 $1 $13) 9. Ndb5 a6 10. Nd6+ Bxd6 11. exd6 d4 12. Qe2+ Kf8 13. Nd5
(13. Ne4 $5) 13... Nc6 14. O-O Nf6 15. Qc4 Qxd6 16. Bf4 $18 {1-0 Smagin,
S-Antoshin,V/Moscow 1982/MCD (41)}) (8. f4 c5 9. Nf3 d4 10. Ne2 f5 11. h3 Nh6
12. Bg2 O-O 13. O-O Nc6 14. b3 Be6 15. Bb2 Qd7 16. Qd2 Rad8 17. Rad1 Qc7 18. c4
$11 {1/2-1/2 Spassky,B-Fressinet,L/Paris FRA 2001/ (25)} (18. c4 a6 $5 (18...
d3 $2 19. Nc1) 19. Qc1 Rc8 20. Nd2 b5 21. a3 {/\Qc2} (21. Qc2 Nb4) 21... Na5
22. Qc2 Rfd8 23. Nc1 Rb8 24. Nd3 Nf7 25. Rb1 bxc4 {1/2-1/2 Spassky,B-Fressinet,
L/Paris 2001/CBM 83/[Bangiev] (25)}) (18. c3 d3 $1 19. Nc1 b5 20. Nxd3 c4 21.
Nd4 Nxd4 22. cxd4 cxd3 $17)) 8... g5 {Black has to go for the text though it
leaves White with a whole score of well-grounded attacking possibilities} (8...
O-O 9. h3 Nxe5 10. Bxe5 Re8 11. Be2 Bb4 12. Bf4 c5 13. Ndb5 d4 14. O-O (14. Nc7
$5) 14... Bxh3 15. Na4 Nc6 16. Nd6 Rxe2 $2 17. Qxe2 c4 18. Qh5 Bxf1 19. Qxf7+
Kh8 20. Nxb7 {1-0 Smirin,I-Kuzmin,G/Lvov 1990/CBM 18 (20)}) 9. h3 ({Judging by
the following examples} 9. e6 $5 {is much more dangerous for black.} Nxf2 (9...
h5 10. h3 fxe6 (10... Nxf2 $5 11. Qf3 {[%mdl 8]} (11. Kxf2 gxf4 12. Be2 Bf6 (
12... c5 13. Nf5 Bxe6 14. Ng7+ Kf8 15. Nxe6+ fxe6 16. Bxh5 Bh4 17. Bg4 Bxg3+
18. Kg2 Kf7 $17 {1/2-1/2 Delabaca,R-Seel,C/Cannes 2001/EXT 2003 (26)}) 13. gxf4
fxe6 14. Bxh5+ Kf8 15. Bg4 Qd6 16. Kg2 Rh6 17. Qd2 Bxd4 18. Nb5 Qe7 19. Nxd4 c5
20. f5 Qh7 21. Nxe6+ Bxe6 22. fxe6 Qe4+ 23. Kg1 Rf6 24. Re1 {1-0 Yurtaev,
L-Okhotnik,V/Lyngby 1990/EXT 97 (24)}) (11. exf7+ $1 Kxf7 (11... Kf8 12. Kxf2
gxf4 13. gxf4 $13) 12. Qf3 gxf4 13. Qxf4+ Kg7 14. Qxf2 Rf8 15. Qe2 $13) 11...
gxf4 12. Qxf2 (12. exf7+ $1 Kxf7 $5 13. Qxf2 (13. Qxf4+ Kg7 14. Qxf2 Rf8) 13...
Bf6 14. Qxf4 Kg7 $13) 12... fxe6 13. O-O-O fxg3 14. Qxg3 Qd6 15. Qg7 Qf4+ 16.
Kb1 Qf6 17. Qg3 Bd6 $17 {0-1 Lupulescu,C-Nevednichy,V/Targoviste 2001/CBM 87/
[Huzman] (62)}) 11. hxg4 gxf4 12. Qd3 fxg3 13. Qg6+ Kf8 14. fxg3 Qe8 15. Nxe6+
Bxe6 16. Qxe6 Bd6 17. Qxe8+ Kxe8 18. O-O-O (18. Ne2 $5 Nd7 19. gxh5 Nf6 $44)
18... Bxg3 19. Nxd5 h4 20. Rd3 $1 $16 {1/2-1/2 Palkovi,J-Stangl,M/
Balatonbereny 1996/CBM 55 (50)}) 10. Qh5 O-O 11. Kxf2 fxe6 12. Bd3 Rf7 13. Nf3
gxf4 14. gxf4 Nc6 (14... Rg7 $5) 15. Rhg1+ Kf8 16. Qh6+ Ke8 17. Rg8+ Bf8 18.
Qh5 $40 {1-0 Gasanov,E-Ivanov,A/Kharkov 2001/EXT 2002 (29)}) 9... Nxf2 10. Kxf2
gxf4 11. Qh5 (11. gxf4 Bc5 12. Na4 Qh4+ 13. Ke3 (13. Ke2 Bxd4 14. Qxd4 Nc6 15.
Qf2 Qe7 16. Qc5 Bf5 $15) 13... Bxd4+ 14. Qxd4 Rg8 $40) 11... Bc5 (11... c6 $5
12. e6 Rf8 13. gxf4 Qb6 14. Rd1 Bf6 15. exf7+ Rxf7 16. Re1+ Be7 $17) 12. Rd1
fxg3+ (12... c6 $1 13. gxf4 Qb6 14. Nce2 Qxb2 15. Rg1 (15. Bg2 Qxc2) 15... Qxc2
16. Rg7 Rf8 $17) 13. Kg2 Bxd4 (13... c6 $5 14. e6 Rf8 (14... Qf6 15. Ne4 $1
dxe4 16. exf7+ Qxf7 (16... Kf8 17. Qxc5+ Kg7 18. Kxg3 $13) 17. Qe5+ Be6 18.
Qxe6+ (18. Qxh8+ Ke7 19. Rd2 Nd7 $1 20. Qxa8 Bxd4 $19) 18... Qxe6 19. Nxe6 Bb6
20. Bc4 Ke7 21. Rhe1 e3 22. Nd4 $16) 15. Ne4 Bxd4 (15... dxe4 16. exf7+ Rxf7
17. Bc4 Qc7 18. Rhf1 $18) 16. exf7+ Rxf7 (16... Kd7 $5 17. Rxd4 Qe7 18. c4 Qxf7
19. Qxf7+ Rxf7 20. cxd5 cxd5 21. Rxd5+ Kc7 22. Bc4 $11) 17. Ng5 Qf6 18. Qxf7+
Qxf7 19. Nxf7 Bxb2 20. Nd6+ Kd7 21. Nxc8 Kxc8 22. Kxg3 Nd7 $15) 14. Rxd4 Be6 (
14... c6 15. Ne4 $40) 15. Ne4 Nd7 16. Bb5 $1 {Topalov's inventiveness allows
him to keep the initiative but Bacrot uses an insecure position of White's
king to the fullest and forces the encounter into an equal rook endgame.} dxe4
17. Bxd7+ Bxd7 18. Rhd1 Rf8 (18... Bxh3+ 19. Qxh3 Qe7 20. Rd7 Qc5 21. Rxf7 Kxf7
(21... Qxc2+ 22. Kxg3 Rg8+ 23. Kh4 Qc6 24. Rf6 $18) 22. Rd7+ Qe7 23. Qf5+ Ke8
$11) 19. e6 Qf6 20. exd7+ Kd8 21. Qe2 Qf2+ $1 (21... c6 22. Rxe4 Kc7 23. Qe3
$16) 22. Qxf2 gxf2 23. Rxe4 a5 $1 {[%mdl 256]} 24. Kxf2 (24. Kxf2 Ra6 $11 {
[%cal Ya6e6]}) 1/2-1/2